000 00442 a2200157 4500
005 20250627134118.0
020 _a13: 978-0-07-282919-8
082 _a332.6 COR.
100 _aCORRADO, J. C.
245 _aFundamental Of Investments, Valuation and Management,
250 _a3rd Ed.
260 _aNew York,
_bMc Graw Hill Irwin,
_c2005.
300 _axxxiv.; 682.; Ill.; picture,
_bIndex,
_c26cm.
700 _aJORDAN, D. B.
942 _2ddc
_cBKS
999 _c5659
_d5659